| 000 | 00870nam a22001815i 4500 | ||
|---|---|---|---|
| 001 | 168249 | ||
| 003 | ES-MaACL | ||
| 005 | 20230906213729.0 | ||
| 008 | 020305s1868 sp |||| | spa d | ||
| 040 |
_aCAM _bspa _cCAM |
||
| 100 | 1 |
_aZumel, Enrique. _9118492 |
|
| 245 | 1 | 0 |
_aCajón de sastre _b: juguete cómico en tres actos y en verso / _coriginal de Enrique Zumel. |
| 260 |
_aMadrid : _b[s.n.], _c1868 ( _fImprenta de José Rodriguez) |
||
| 300 |
_a83 p. ; _c20 cm. |
||
| 500 | _aEn port.: Representado por primera vez en el teatro del Príncipe, en marzo de 1868. | ||
| 596 | 1 | _aEn verso de port. consta: "... de las Galerías dramáticas y líricas de lso Sres. Gullon é Hidalgo ..." | |
| 852 |
_aES-MaACL _jF-8573(10) _z-- Enc. pasta española, falto de la enc. original _z-- Enc. en un vol. facticio formando parta de la Col. "Teatro español moderno" vol. 26 |
||
| 999 |
_c168249 _d168249 |
||